000 nam a22 7a 4500
999 _c44317
_d44317
003 OSt
005 20180907103244.0
008 180907b xxu||||| |||| 00| 0 eng d
040 _cIIMT UNIVERSITY
100 _aTRANSTPORTATION ENGINEERING
245 _aTRANSPORTATION ENGINEERING
260 _aDELHI
_bKATSON PUB
_c2018
300 _a349
440 _aTRANSPORTATION ENGINEERING
942 _2ddc
_c02